| 000 | 00597nam a2200181 i 4500 | ||
|---|---|---|---|
| 001 | 34347 | ||
| 003 | ES-MaACL | ||
| 005 | 20230906154922.0 | ||
| 007 | t| | ||
| 008 | 030204s1965 sp ||||1| spa d | ||
| 100 | 1 |
_aBlonde, Daniel. _929542 |
|
| 245 | 1 | 3 |
_aLa gestión programada / _cDaniel Blonde ; traducción Jaime Gil Aluja ; prólogo de José María Fernández Pirla. |
| 260 |
_aMadrid : _bSagitario, _c[1965] |
||
| 300 |
_aXII, 279 p., 1 lám. ; _c22 cm. |
||
| 700 | 1 |
_aGil Aluja, Jaime. _956762 |
|
| 700 | 1 |
_aFernández Pirla, José María. _950001 |
|
| 852 |
_aES-MaACL _jC-28617 _bR.57661 |
||
| 999 |
_c34347 _d34347 |
||